[Event "Montigny le Bretonneux 1hKO 20th"]
[Site "Montigny le Bretonneux"]
[Date "2016.05.08"]
[Round "7.7"]
[White "Krestinine, Michka"]
[Black "Rivier, Sylvain"]
[Result "1/2-1/2"]
[WhiteElo "1607"]
[BlackElo "1534"]
[PlyCount "40"]
[EventDate "2016.05.05"]
[EventType "swiss"]
[EventRounds "7"]
[EventCountry "FRA"]
[SourceTitle "EXT 2024"]
[Source "ChessBase"]
[SourceDate "2023.10.10"]
[SourceVersion "1"]
[SourceVersionDate "2023.10.10"]
[SourceQuality "1"]

1. e4 e6 2. d4 d5 3. Nc3 Bb4 4. e5 c5 5. a3 cxd4 6. Qxd4 Nc6 7. Qg4 Bxc3+ 8. bxc3 Nge7 9. Nf3 Ng6 10. Bd3 Qc7 11. Bxg6 fxg6 12. Qg3 0-0 13. 0-0 Ne7 14. Bd2 Nf5 15. Qg4 Bd7 16. Rfe1 Rac8 17. Rac1 a6 18. Nd4 Qc5 19. Nxf5 Rxf5 20. Qd4 Qxa3 1/2-1/2

[Event "Montigny le Bretonneux 1hKO 20th"]
[Site "Montigny le Bretonneux"]
[Date "2016.05.07"]
[Round "6.10"]
[White "Hurlot, Rodolphe"]
[Black "Krestinine, Michka"]
[Result "0-1"]
[WhiteElo "1711"]
[BlackElo "1607"]
[PlyCount "92"]
[EventDate "2016.05.05"]
[EventType "swiss"]
[EventRounds "7"]
[EventCountry "FRA"]
[SourceTitle "EXT 2024"]
[Source "ChessBase"]
[SourceDate "2023.10.10"]
[SourceVersion "1"]
[SourceVersionDate "2023.10.10"]
[SourceQuality "1"]

1. e4 e6 2. Nf3 d5 3. e5 c5 4. b4 cxb4 5. a3 f6 6. d4 Qb6 7. axb4 Bxb4+ 8. c3 Be7 9. Bd3 Bd7 10. Qc2 f5 11. Ba3 Nc6 12. Bxe7 Ngxe7 13. 0-0 0-0 14. Na3 a6 15. Rab1 Qc7 16. c4 Na5 17. Rfc1 Rfc8 18. c5 Nac6 19. Qe2 Rab8 20. Nc2 Qd8 21. Ng5 Qe8 22. Qf3 h6 23. Nh3 g5 24. g4 f4 25. Kh1 Ng6 26. Ng1 Nh4 27. Qh3 Qf8 28. Nf3 Nxf3 29. Qxf3 Qg7 30. h3 Be8 31. Rb6 Bg6 32. Rcb1 Bxd3 33. Qxd3 Qf7 34. Qf3 Na5 35. Na3 Rc6 36. Qc3 Rxb6 37. Rxb6 Nc6 38. Qb2 Qh7 39. Rxc6 Qe4+ 40. Kg1 Qe1+ 41. Kg2 f3+ 42. Kg3 Qg1+ 43. Kxf3 Rf8+ 44. Ke3 bxc6 45. Qc2 Qe1+ 46. Qe2 Qc3+ 0-1

[Event "Montigny le Bretonneux 1hKO 20th"]
[Site "Montigny le Bretonneux"]
[Date "2016.05.05"]
[Round "2.1"]
[White "Krestinine, Michka"]
[Black "Etrog, Jonathan"]
[Result "1/2-1/2"]
[WhiteElo "1607"]
[BlackElo "2274"]
[PlyCount "57"]
[EventDate "2016.05.05"]
[EventType "swiss"]
[EventRounds "7"]
[EventCountry "FRA"]
[SourceTitle "EXT 2024"]
[Source "ChessBase"]
[SourceDate "2023.10.10"]
[SourceVersion "1"]
[SourceVersionDate "2023.10.10"]
[SourceQuality "1"]

1. e4 e6 2. d4 d5 3. Nc3 Bb4 4. e5 c5 5. a3 Bxc3+ 6. bxc3 Qa5 7. Bd2 Qa4 8. Qg4 g6 9. Nf3 Nc6 10. h4 Qxc2 11. h5 Nge7 12. Rc1 Qf5 13. Qxf5 gxf5 14. Bg5 h6 15. Bf6 Rg8 16. Rh4 Bd7 17. g3 0-0-0 18. Nd2 cxd4 19. cxd4 Rde8 20. Nb3 b6 21. a4 Kb7 22. Ra1 Nb4 23. Kd2 a5 24. Nc1 Nec6 25. Ne2 Rc8 26. Nc3 Na7 27. Be7 Nac6 28. Bf6 Na7 29. Be7 1/2-1/2

[Event "Montigny le Bretonneux Noel op 16th"]
[Site "Montigny le Bretonneux"]
[Date "2015.12.29"]
[Round "5"]
[White "Mathe, Florian"]
[Black "Krestinine, Michka"]
[Result "1-0"]
[WhiteElo "1737"]
[BlackElo "1564"]
[PlyCount "79"]
[EventDate "2015.12.27"]
[EventType "swiss"]
[EventRounds "7"]
[EventCountry "FRA"]
[SourceTitle "CBM 170 Extra"]
[Source "ChessBase"]
[SourceDate "2016.02.25"]
[SourceVersion "1"]
[SourceVersionDate "2016.02.25"]
[SourceQuality "1"]

1. d4 Nf6 2. c4 g6 3. Nc3 d5 4. cxd5 Nxd5 5. e4 Nxc3 6. bxc3 Bg7 7. Bc4 c5 8. Ne2 0-0 9. 0-0 Nc6 10. Be3 cxd4 11. cxd4 Bg4 12. f3 Na5 13. Bxf7+ Rxf7 14. fxg4 Rxf1+ 15. Kxf1 Kh8 16. Qd3 Rc8 17. Rc1 a6 18. Rxc8 Qxc8 19. h3 Nc4 20. Bf2 Bh6 21. d5 Bg7 22. Bd4 e5 23. Bc3 Qc5 24. Bd2 b5 25. Ng1 Bf6 26. Nf3 Bd8 27. Ke2 Bb6 28. Be1 h6 29. Qc3 Bc7 30. Bg3 Qd6 31. a4 Kh7 32. axb5 axb5 33. Qb3 Qc5 34. Bf2 Na5 35. Bxc5 Nxb3 36. Be7 Bb8 37. Kd3 Kg7 38. Kc3 Kf7 39. Kxb3 Kxe7 40. Kb4 1-0

[Event "Montigny le Bretonneux Noel op 16th"]
[Site "Montigny le Bretonneux"]
[Date "2015.12.28"]
[Round "4"]
[White "Krestinine, Michka"]
[Black "Saugrain, Jean Maxime"]
[Result "1-0"]
[WhiteElo "1564"]
[BlackElo "1813"]
[PlyCount "109"]
[EventDate "2015.12.27"]
[EventType "swiss"]
[EventRounds "7"]
[EventCountry "FRA"]
[SourceTitle "CBM 170 Extra"]
[Source "ChessBase"]
[SourceDate "2016.02.25"]
[SourceVersion "1"]
[SourceVersionDate "2016.02.25"]
[SourceQuality "1"]

1. e4 c5 2. Nf3 Nc6 3. d4 cxd4 4. Nxd4 a6 5. Nc3 e5 6. Nb3 b5 7. Be3 Nf6 8. f3 Bb4 9. Qd2 d5 10. exd5 Nxd5 11. Bc5 Nxc3 12. Bxb4 Qxd2+ 13. Kxd2 Nxb4 14. Kxc3 Nd5+ 15. Kd2 Bf5 16. Bd3 Bxd3 17. Kxd3 Nf4+ 18. Ke4 f6 19. g3 Nh3 20. Ke3 Ng5 21. c3 0-0 22. Rhd1 Rfd8 23. Nc5 Rdc8 24. b4 a5 25. a3 Nf7 26. h4 Rc6 27. a4 axb4 28. cxb4 Nd6 29. axb5 Rxa1 30. Rxa1 Nxb5 31. Ra6 Rc8 32. f4 exf4+ 33. Kxf4 Nc3 34. Rd6 Rb8 35. Nd3 Rb5 36. Ke3 Rd5 37. Rc6 Na2 38. Rc4 Rd8 39. Kd2 Kf7 40. Kc2 g5 41. Nc5 gxh4 42. Rxh4 Rb8 43. Nd3 Rc8+ 44. Kb2 Nc3 45. Rxh7+ Kg6 46. Rh4 Nd5 47. Nf4+ Nxf4 48. Rxf4 f5 49. b5 Rb8 50. Rb4 Rb6 51. Kb3 Kf6 52. Kc4 Ke5 53. Kc5 Rg6 54. b6 Rxg3 55. b7 1-0

[Event "Montigny le Bretonneux Noel op 16th"]
[Site "Montigny le Bretonneux"]
[Date "2015.12.28"]
[Round "3"]
[White "Verat Fayolle, Celian"]
[Black "Krestinine, Michka"]
[Result "0-1"]
[WhiteElo "1678"]
[BlackElo "1564"]
[PlyCount "74"]
[EventDate "2015.12.27"]
[EventType "swiss"]
[EventRounds "7"]
[EventCountry "FRA"]
[SourceTitle "CBM 170 Extra"]
[Source "ChessBase"]
[SourceDate "2016.02.25"]
[SourceVersion "1"]
[SourceVersionDate "2016.02.25"]
[SourceQuality "1"]

1. e4 e6 2. d4 d5 3. exd5 exd5 4. c4 Nc6 5. Nc3 Bb4 6. Nf3 Nge7 7. a3 Bxc3+ 8. bxc3 Bg4 9. h3 Bh5 10. Bd3 0-0 11. 0-0 f6 12. Bf4 Bf7 13. Nd2 Na5 14. c5 b6 15. cxb6 axb6 16. Rc1 c6 17. a4 Qd7 18. c4 dxc4 19. Nxc4 Nxc4 20. Bxc4 Bxc4 21. Rxc4 Nd5 22. Bg3 b5 23. axb5 cxb5 24. Rc5 b4 25. Qb3 Rfd8 26. Bc7 Ra3 27. Qc2 Rc8 28. Bg3 Rc3 29. Rxc8+ Qxc8 30. Qb2 Qc4 31. Rd1 b3 32. Rd2 Rc2 33. Rxc2 Qxc2 34. Qa1 Nb6 35. Qa7 b2 36. Qb8+ Nc8 37. Bc7 b1Q+ 0-1

[Event "Montigny le Bretonneux-D 14th"]
[Site "Montigny le Bretonneux"]
[Date "2015.10.24"]
[Round "8.1"]
[White "Krestinine, Michka"]
[Black "Mozzini, Louis"]
[Result "1-0"]
[WhiteElo "1551"]
[BlackElo "1474"]
[PlyCount "75"]
[EventDate "2015.10.17"]
[EventType "tourn"]
[EventRounds "10"]
[EventCountry "FRA"]
[SourceTitle "EXT 2024"]
[Source "ChessBase"]
[SourceDate "2023.10.10"]
[SourceVersion "1"]
[SourceVersionDate "2023.10.10"]
[SourceQuality "1"]

1. e4 e5 2. Nf3 Nc6 3. Bb5 d6 4. 0-0 Bd7 5. c3 Nf6 6. Re1 Be7 7. h3 a6 8. Ba4 b5 9. Bc2 0-0 10. d4 Qc8 11. Nbd2 h6 12. Nf1 Nh7 13. Ng3 Bd8 14. a4 exd4 15. cxd4 Ne7 16. e5 Ng6 17. Bxg6 fxg6 18. Qb3+ d5 19. Qxd5+ Be6 20. Qe4 c6 21. Qxg6 Kh8 22. Qd3 Qd7 23. axb5 cxb5 24. b3 Bb6 25. Ba3 Rf7 26. Ne4 Bxh3 27. gxh3 Qxh3 28. Ng3 Rf4 29. Re4 Qg4 30. Rxf4 Qxf4 31. Qe4 Qxe4 32. Nxe4 Rd8 33. Nd6 Kg8 34. Bc5 Bc7 35. Rxa6 Nf8 36. Nxb5 Ne6 37. Rxe6 Rb8 38. Nxc7 1-0

[Event "Montigny le Bretonneux-D 14th"]
[Site "Montigny le Bretonneux"]
[Date "2015.10.19"]
[Round "3.1"]
[White "Krestinine, Michka"]
[Black "Fruchard, Alois"]
[Result "1-0"]
[WhiteElo "1551"]
[BlackElo "1249"]
[PlyCount "41"]
[EventDate "2015.10.17"]
[EventType "tourn"]
[EventRounds "10"]
[EventCountry "FRA"]
[SourceTitle "EXT 2024"]
[Source "ChessBase"]
[SourceDate "2023.10.10"]
[SourceVersion "1"]
[SourceVersionDate "2023.10.10"]
[SourceQuality "1"]

1. e4 e6 2. d4 d5 3. Nc3 Nf6 4. e5 Nfd7 5. Nf3 f6 6. Bd3 c5 7. 0-0 Nc6 8. dxc5 Bxc5 9. exf6 Nxf6 10. Re1 0-0 11. Bf4 Ng4 12. Bg3 Qb6 13. Bxh7+ Kxh7 14. Ng5+ Kg8 15. Qxg4 Bxf2+ 16. Bxf2 Qxf2+ 17. Kh1 Nd4 18. Rad1 e5 19. Qh5 Qf5 20. Nxd5 Nxc2 21. Ne7# 1-0

[Event "Montigny le Bretonneux-D 14th"]
[Site "Montigny le Bretonneux"]
[Date "2015.10.18"]
[Round "2.1"]
[White "Mozzini, Louis"]
[Black "Krestinine, Michka"]
[Result "1/2-1/2"]
[WhiteElo "1474"]
[BlackElo "1551"]
[PlyCount "34"]
[EventDate "2015.10.17"]
[EventType "tourn"]
[EventRounds "10"]
[EventCountry "FRA"]
[SourceTitle "EXT 2024"]
[Source "ChessBase"]
[SourceDate "2023.10.10"]
[SourceVersion "1"]
[SourceVersionDate "2023.10.10"]
[SourceQuality "1"]

1. e4 e6 2. d4 d5 3. Bd3 Nf6 4. e5 Nfd7 5. Nf3 c5 6. c3 Nc6 7. Be3 Qb6 8. Qb3 Qxb3 9. axb3 cxd4 10. cxd4 Nb4 11. Kd2 Nxd3 12. Kxd3 a6 13. Rc1 Be7 14. Na3 0-0 15. Nb5 Nb8 16. Nc7 Ra7 17. Nb5 Ra8 1/2-1/2

[Event "Montigny le Bretonneux op 13th"]
[Site "Montigny le Bretonneux"]
[Date "2014.10.22"]
[Round "5"]
[White "Krestinine, Michka"]
[Black "Chahmirian, Armen"]
[Result "1-0"]
[WhiteElo "1527"]
[BlackElo "1530"]
[PlyCount "43"]
[EventDate "2014.10.18"]
[EventType "swiss"]
[EventRounds "9"]
[EventCountry "FRA"]
[SourceTitle "EXT 2016"]
[Source "ChessBase"]
[SourceDate "2015.10.08"]
[SourceVersion "1"]
[SourceVersionDate "2015.10.08"]
[SourceQuality "1"]

1. e4 e5 2. f4 exf4 3. Nf3 g5 4. Bc4 g4 5. Ne5 Qh4+ 6. Kf1 Nf6 7. Nc3 Bc5 8. d4 Bb4 9. Qe2 Bxc3 10. bxc3 Nh5 11. Bxf7+ Ke7 12. Bxh5 Qxh5 13. Qxg4 Qxg4 14. Nxg4 Rf8 15. Ke2 d5 16. Nf2 dxe4 17. Ba3+ c5 18. Bxc5+ Ke8 19. Bxf8 Kxf8 20. Nxe4 Bf5 21. Nc5 Bxc2 22. Ne6+ 1-0

[Event "Montigny le Bretonneux op 13th"]
[Site "Montigny le Bretonneux"]
[Date "2014.10.20"]
[Round "3"]
[White "Mousset Evtouchenko, Nina"]
[Black "Krestinine, Michka"]
[Result "1/2-1/2"]
[WhiteElo "1666"]
[BlackElo "1527"]
[PlyCount "86"]
[EventDate "2014.10.18"]
[EventType "swiss"]
[EventRounds "9"]
[EventCountry "FRA"]
[SourceTitle "EXT 2016"]
[Source "ChessBase"]
[SourceDate "2015.10.08"]
[SourceVersion "1"]
[SourceVersionDate "2015.10.08"]
[SourceQuality "1"]

1. c4 Nf6 2. Nf3 c5 3. Nc3 Nc6 4. d4 e6 5. e3 d5 6. b3 cxd4 7. exd4 Bb4 8. Bd2 dxc4 9. Bxc4 Nxd4 10. Nxd4 Qxd4 11. Qf3 0-0 12. Rd1 Bd7 13. 0-0 Bc6 14. Qh3 Qg4 15. Qxg4 Nxg4 16. Rfe1 Bc5 17. Rf1 a6 18. a4 Ne5 19. Be2 Rfd8 20. Bf4 Ng6 21. Bg3 Bd4 22. Rc1 Rac8 23. Rfe1 Bxg2 24. Red1 Bc6 25. Na2 Be5 26. Nb4 Bxg3 27. hxg3 Ne5 28. f4 Nf3+ 29. Kf2 Nd4 30. Nxc6 Rxc6 31. Rxc6 Nxc6 32. Rc1 Rd6 33. b4 Kf8 34. b5 axb5 35. axb5 Nd8 36. Bf3 b6 37. Ke3 Ke8 38. Rc7 Rd7 39. Rc8 Ke7 40. Rb8 Rd6 41. Be4 h6 42. g4 f6 43. Ra8 g5 1/2-1/2

[Event "Montigny le Bretonneux Noel op 15th"]
[Site "Montigny le Bretonneux"]
[Date "2012.12.29"]
[Round "5"]
[White "Krestinine, Michka"]
[Black "Said, Remi"]
[Result "0-1"]
[WhiteElo "1533"]
[BlackElo "1798"]
[PlyCount "94"]
[EventDate "2012.12.26"]
[EventType "swiss"]
[EventRounds "7"]
[EventCountry "FRA"]
[SourceTitle "CBM 152 Extra"]
[Source "ChessBase"]
[SourceDate "2013.02.25"]
[SourceVersion "1"]
[SourceVersionDate "2013.02.25"]
[SourceQuality "1"]

1. e4 Nf6 2. e5 Nd5 3. d4 d6 4. Nf3 Bg4 5. Be2 Nc6 6. c4 Nb6 7. exd6 exd6 8. 0-0 Be7 9. Nbd2 0-0 10. d5 Bxf3 11. Nxf3 Ne5 12. Nxe5 dxe5 13. Qc2 f5 14. f3 Bc5+ 15. Kh1 Qh4 16. Bd2 a5 17. Be1 Qh6 18. Bf2 Bxf2 19. Rxf2 Qh4 20. Raf1 Nd7 21. a3 Nc5 22. b4 axb4 23. axb4 e4 24. bxc5 e3 25. g3 Qd4 26. Rd1 Qxc5 27. Rff1 Ra6 28. f4 Rfa8 29. Rfe1 g6 30. Rb1 b6 31. Rb3 Ra2 32. Rb2 R2a3 33. Rb3 Ra2 34. Qc3 Re8 35. Bf3 e2 36. Kg2 Kf7 37. Rb2 Ra3 38. Qd2 Qxc4 39. Rxe2 Rb3 40. Qc2 Rc3 41. Qd2 Rc1 42. Rb4 Rxe2+ 43. Bxe2 Qc5 44. Qd4 Qe7 45. Bc4 Qxb4 46. d6+ Qxc4 47. Qe5 Qf1# 0-1

[Event "Montigny le Bretonneux Noel op 15th"]
[Site "Montigny le Bretonneux"]
[Date "2012.12.26"]
[Round "1"]
[White "Krestinine, Michka"]
[Black "Duval, Sylvain"]
[Result "0-1"]
[WhiteElo "1533"]
[BlackElo "1973"]
[PlyCount "56"]
[EventDate "2012.12.26"]
[EventType "swiss"]
[EventRounds "7"]
[EventCountry "FRA"]
[SourceTitle "CBM 152 Extra"]
[Source "ChessBase"]
[SourceDate "2013.02.25"]
[SourceVersion "1"]
[SourceVersionDate "2013.02.25"]
[SourceQuality "1"]

1. e4 c5 2. Nf3 g6 3. d4 cxd4 4. Nxd4 Bg7 5. Nc3 Nc6 6. Be3 Nf6 7. Bc4 0-0 8. f4 Nxe4 9. Nxe4 d5 10. Bxd5 Qxd5 11. Qf3 Qa5+ 12. Bd2 Nxd4 13. Bxa5 Nxf3+ 14. gxf3 Bxb2 15. Rd1 Bg7 16. Kf2 Bf5 17. Bb4 Rfe8 18. Rd2 Rac8 19. Rhd1 Bh6 20. Kg3 b6 21. h4 a5 22. Ba3 Bxe4 23. fxe4 e5 24. Bd6 Bxf4+ 25. Kf3 Bxd2 26. Rxd2 Red8 27. Rd5 f6 28. Ke3 Rxc2 0-1

[Event "Montigny le Bretonneux-C 11th"]
[Site "Montigny le Bretonneux"]
[Date "2012.11.03"]
[Round "8"]
[White "Mongey, Alain"]
[Black "Krestinine, Michka"]
[Result "1/2-1/2"]
[WhiteElo "1652"]
[BlackElo "1505"]
[PlyCount "84"]
[EventDate "2012.10.27"]
[EventType "tourn"]
[EventRounds "9"]
[EventCountry "FRA"]
[SourceTitle "EXT 2014"]
[Source "ChessBase"]
[SourceDate "2013.11.20"]
[SourceVersion "1"]
[SourceVersionDate "2013.11.20"]
[SourceQuality "1"]

1. d4 Nf6 2. Bg5 Ne4 3. Bh4 d5 4. Nf3 Nc6 5. e3 Nf6 6. c4 e6 7. Nc3 Bb4 8. a3 Bxc3+ 9. bxc3 0-0 10. Bd3 b6 11. 0-0 Na5 12. cxd5 exd5 13. Qc2 h6 14. h3 c5 15. Ne5 c4 16. Bf5 Bxf5 17. Qxf5 g5 18. Bg3 Ne4 19. Rac1 Rc8 20. Qg4 Nb3 21. Rc2 Qe7 22. Qh5 Kh7 23. h4 Rc7 24. hxg5 Nxg5 25. Bf4 Rg8 26. f3 Qxa3 27. Ng4 Rc6 28. Bxg5 Rxg5 29. Qxf7+ Rg7 30. Qxd5 Qd6 31. Qf5+ Kh8 32. Kf2 a5 33. Rh1 Rh7 34. Qe5+ Qxe5 35. Nxe5 Re6 36. Nxc4 b5 37. Ne5 a4 38. Nd3 Ra7 39. Nb4 Na5 40. Rh5 Rb6 41. e4 Nc4 42. Rc5 a3 1/2-1/2

[Event "Montigny le Bretonneux-C 11th"]
[Site "Montigny le Bretonneux"]
[Date "2012.10.28"]
[Round "2"]
[White "Krestinine, Michka"]
[Black "Engel, Gerard"]
[Result "1-0"]
[WhiteElo "1505"]
[BlackElo "1684"]
[PlyCount "71"]
[EventDate "2012.10.27"]
[EventType "tourn"]
[EventRounds "9"]
[EventCountry "FRA"]
[SourceTitle "EXT 2014"]
[Source "ChessBase"]
[SourceDate "2013.11.20"]
[SourceVersion "1"]
[SourceVersionDate "2013.11.20"]
[SourceQuality "1"]

1. e4 c5 2. Nf3 d6 3. d4 cxd4 4. Nxd4 Nf6 5. Nc3 a6 6. Bc4 e6 7. 0-0 Be7 8. f4 Qc7 9. Bd3 Nc6 10. Be3 Nxd4 11. Bxd4 e5 12. Be3 b5 13. a3 0-0 14. Qd2 Bb7 15. Rad1 Rfd8 16. Qf2 Ng4 17. Bb6 Qc6 18. Nd5 Re8 19. Qg3 Nf6 20. Nxf6+ Bxf6 21. Be3 Rad8 22. Rf2 exf4 23. Bxf4 Bxb2 24. c4 Re6 25. Rxb2 Rg6 26. cxb5 axb5 27. Qe3 Qd7 28. Bxb5 Qg4 29. Rdd2 Qc8 30. Rbc2 Qa8 31. Rd4 Re6 32. e5 g5 33. Bxg5 Rxe5 34. Qxe5 Re8 35. Qxe8+ Qxe8 36. Bxe8 1-0

[Event "Montigny le Bretonneux Noel op 14th"]
[Site "Montigny le Bretonneux"]
[Date "2011.12.29"]
[Round "5.16"]
[White "Krestinine, Michka"]
[Black "De Romance, Flavien"]
[Result "1-0"]
[WhiteElo "1450"]
[BlackElo "1180"]
[PlyCount "119"]
[EventDate "2011.12.26"]
[EventType "swiss"]
[EventRounds "7"]
[EventCountry "FRA"]
[SourceTitle "EXT 2014"]
[Source "ChessBase"]
[SourceDate "2013.11.20"]
[SourceVersion "1"]
[SourceVersionDate "2013.11.20"]
[SourceQuality "1"]

1. d4 d5 2. c4 Nf6 3. cxd5 Nxd5 4. e4 Nb6 5. Nf3 e6 6. Nc3 Bb4 7. Be2 0-0 8. 0-0 Bd7 9. Bf4 Bxc3 10. bxc3 Ba4 11. Qd2 N8d7 12. Rac1 Nf6 13. Bd3 Qe7 14. Rfe1 Rad8 15. Bg5 h6 16. e5 hxg5 17. exf6 Qxf6 18. Nxg5 Rfe8 19. h3 Qh6 20. Bh7+ Kf8 21. Be4 Bb5 22. Nh7+ Kg8 23. Qxh6 gxh6 24. Nf6+ Kf8 25. Nxe8 Kxe8 26. g4 Nc4 27. Bxb7 c6 28. Rb1 Nd2 29. Rxb5 Nf3+ 30. Kf1 Nxe1 31. Bxc6+ Ke7 32. Kxe1 Kd6 33. Be4 Rc8 34. Kd2 a6 35. Rb6+ Kc7 36. Rxa6 Rb8 37. Ra7+ Kb6 38. Rxf7 Ka5 39. h4 Re8 40. g5 hxg5 41. hxg5 e5 42. d5 Kb6 43. g6 Kc5 44. g7 Rg8 45. Bh7 Rxg7 46. Rxg7 Kxd5 47. Ke3 e4 48. Bxe4+ Kc4 49. a4 Kxc3 50. a5 Kb4 51. a6 Kb5 52. a7 Kc5 53. a8R Kd6 54. Ra6+ Kc5 55. Rg5+ Kc4 56. Rc6+ Kb4 57. f3 Kb3 58. Rb5+ Ka4 59. Bd3 Ka3 60. Ra6# 1-0

[Event "Montigny le Bretonneux op 10th"]
[Site "Montigny le Bretonneux"]
[Date "2011.10.27"]
[Round "6"]
[White "Krestinine, Michka"]
[Black "Fouliard, Marc"]
[Result "0-1"]
[WhiteElo "1450"]
[BlackElo "1490"]
[PlyCount "84"]
[EventDate "2011.10.22"]
[EventType "swiss"]
[EventRounds "9"]
[EventCountry "FRA"]
[SourceTitle "EXT 2012"]
[Source "ChessBase"]
[SourceDate "2011.11.24"]
[SourceVersion "1"]
[SourceVersionDate "2011.11.24"]
[SourceQuality "1"]

1. e4 e5 2. Nf3 f5 3. Nc3 fxe4 4. Nxe4 d5 5. Ng3 Nf6 6. Nxe5 Qd6 7. f4 Nc6 8. d4 Bg4 9. Be2 Bxe2 10. Nxe2 Qe6 11. 0-0 Be7 12. Nc3 a6 13. Re1 b6 14. Ng6 Qg8 15. Nxh8 Nxd4 16. Be3 Nf5 17. Bd4 0-0-0 18. Qd3 Nxd4 19. Rxe7 Nb5 20. Nxb5 axb5 21. Nf7 Qf8 22. Nxd8 Qxe7 23. Nc6 Qc5+ 24. Kh1 Qxc6 25. Qf5+ Kb7 26. h3 Ne4 27. c3 Ng3+ 28. Kh2 Nxf5 29. Re1 Qd6 30. Re5 Qg6 31. g4 Nh6 32. Kg3 Nf7 33. f5 Qd6 34. Kf4 Qxe5+ 35. Kf3 Ng5+ 36. Kf2 Nxh3+ 37. Kg2 Nf4+ 38. Kf3 Qe2+ 39. Kxf4 Qxb2 40. g5 Qxa2 41. f6 Qc4+ 42. Ke5 Qe4# 0-1